000 00604nam a2200205Ia 4500
003 PILC
005 20150924154441.0
008 140529s9999 xx 000 0 und d
020 _a9789812448804
050 _aQA 152.3
_b.L53 2004
100 _aLial, Margaret L.
245 _aAlgebra /
_cMargaret L. Lial, John Hornsby, Terry McGinnis.
250 _a9th edition.
260 _aBoston :
_bPearson/Addison-Wesley,
_c2004.
300 _a800 pages :
_billustrations ;
_c26 cm.
500 _aIncludes appendices, glossary and index.
650 _aAlgebra.
942 _kFOR
_cBK
_2lcc
999 _c117778
_d117778